[Event "Deutsche Ländermeisterschaft 2023"]
[Site "Hannover GER"]
[Date "2023.10.02"]
[Round "3"]
[White "Sheng, Ming"]
[Black "Dodul, Alice"]
[Result "1-0"]
[Termination "normal"]
[Board "7.6"]
[WhiteElo "1705"]
[BlackElo "1414"]
[WhiteClock "00:12:33"]
[BlackClock "00:11:01"]
[WhiteTeam "Saarland & Friends"]
[BlackTeam "Brandenburg"]
[PlyCount "99"]
[WhiteFideId "34605258"]
[BlackFideId "34623817"]
[EventCountry "GER"]
[EventRounds "7"]
[EventType "team-swiss"]
[EventDate "2023.09.30"]

1. e4 {[%clk 01:30:59]} {[%emt 00:01:09]} e5 {[%clk 01:30:54]} {[%emt
00:00:06]} 2. Nf3 {[%clk 01:31:27]} {[%emt 00:00:03]} Nc6 {[%clk 01:31:15]}
{[%emt 00:00:08]} 3. Bc4 {[%clk 01:31:52]} {[%emt 00:00:04]} Bc5 {[%clk
01:31:36]} {[%emt 00:00:09]} 4. c3 {[%clk 01:32:11]} {[%emt 00:00:12]} Nf6
{[%clk 01:31:56]} {[%emt 00:00:10]} 5. d3 {[%clk 01:32:22]} {[%emt 00:00:20]}
d6 {[%clk 01:32:03]} {[%emt 00:00:22]} 6. O-O {[%clk 01:32:45]} {[%emt
00:00:07]} a5 {[%clk 01:32:00]} {[%emt 00:00:33]} 7. a4 {[%clk 01:31:29]}
{[%emt 00:01:45]} O-O {[%clk 01:31:45]} {[%emt 00:00:46]} 8. Re1 {[%clk
01:31:14]} {[%emt 00:00:44]} Bg4 {[%clk 01:29:48]} {[%emt 00:02:27]} 9. h3
{[%clk 01:29:15]} {[%emt 00:02:28]} Bh5 {[%clk 01:29:21]} {[%emt 00:00:58]} 10.
Nbd2 {[%clk 01:29:25]} {[%emt 00:00:19]} Bb6 {[%clk 01:28:04]} {[%emt
00:01:48]} 11. Nf1 {[%clk 01:22:18]} {[%emt 00:07:38]} Bg6 {[%clk 01:25:29]}
{[%emt 00:03:04]} 12. Ng3 {[%clk 01:13:37]} {[%emt 00:09:11]} Nh5 {[%clk
01:17:36]} {[%emt 00:08:24]} 13. Nf1 {[%clk 01:05:30]} {[%emt 00:08:36]} Kh8
{[%clk 01:10:55]} {[%emt 00:07:12]} 14. Be3 {[%clk 01:05:37]} {[%emt 00:00:23]}
Ba7 {[%clk 01:08:26]} {[%emt 00:02:58]} 15. Bb3 {[%clk 00:50:41]} {[%emt
00:15:25]} Qe8 {[%clk 01:04:17]} {[%emt 00:04:40]} 16. d4 {[%clk 00:47:19]}
{[%emt 00:03:52]} exd4 {[%clk 01:02:44]} {[%emt 00:02:03]} 17. Nxd4 {[%clk
00:41:06]} {[%emt 00:06:43]} Bxd4 {[%clk 01:00:24]} {[%emt 00:02:51]} 18. Bxd4
{[%clk 00:40:08]} {[%emt 00:01:28]} Ne5 {[%clk 00:58:14]} {[%emt 00:02:40]} 19.
Be3 {[%clk 00:38:31]} {[%emt 00:02:06]} Qe7 {[%clk 00:56:09]} {[%emt 00:02:35]}
20. f4 {[%clk 00:37:31]} {[%emt 00:01:30]} Nc6 {[%clk 00:54:31]} {[%emt
00:02:07]} 21. f5 {[%clk 00:37:20]} {[%emt 00:00:42]} Qxe4 {[%clk 00:53:03]}
{[%emt 00:01:58]} 22. Bc2 {[%clk 00:35:37]} {[%emt 00:02:13]} Qe7 {[%clk
00:52:06]} {[%emt 00:01:27]} 23. fxg6 {[%clk 00:34:55]} {[%emt 00:01:12]} fxg6
{[%clk 00:52:14]} {[%emt 00:00:23]} 24. Qd2 {[%clk 00:34:37]} {[%emt 00:00:47]}
Ne5 {[%clk 00:51:13]} {[%emt 00:01:31]} 25. b3 {[%clk 00:32:46]} {[%emt
00:02:20]} Rf7 {[%clk 00:46:40]} {[%emt 00:05:03]} 26. Rad1 {[%clk 00:32:02]}
{[%emt 00:01:15]} Raf8 {[%clk 00:44:08]} {[%emt 00:03:01]} 27. Bd4 {[%clk
00:29:20]} {[%emt 00:03:12]} Nf4 {[%clk 00:40:33]} {[%emt 00:04:04]} 28. Bxe5
{[%clk 00:26:09]} {[%emt 00:03:42]} dxe5 {[%clk 00:40:34]} {[%emt 00:00:29]}
29. Qe3 {[%clk 00:23:42]} {[%emt 00:02:55]} Qh4 {[%clk 00:31:17]} {[%emt
00:09:49]} 30. Be4 {[%clk 00:19:21]} {[%emt 00:04:51]} b6 {[%clk 00:29:06]}
{[%emt 00:02:41]} 31. Nh2 {[%clk 00:17:16]} {[%emt 00:02:33]} g5 {[%clk
00:25:06]} {[%emt 00:04:31]} 32. Kh1 {[%clk 00:12:28]} {[%emt 00:05:18]} Nh5
{[%clk 00:22:40]} {[%emt 00:02:57]} 33. Nf3 {[%clk 00:10:46]} {[%emt 00:02:10]}
Qf4 {[%clk 00:15:25]} {[%emt 00:07:47]} 34. Qxf4 {[%clk 00:10:53]} {[%emt
00:00:23]} gxf4 {[%clk 00:15:07]} {[%emt 00:00:48]} 35. Bd5 {[%clk 00:10:26]}
{[%emt 00:00:58]} Rf6 {[%clk 00:14:13]} {[%emt 00:01:24]} 36. Nxe5 {[%clk
00:10:35]} {[%emt 00:00:21]} h6 {[%clk 00:13:06]} {[%emt 00:01:36]} 37. Nd7
{[%clk 00:11:02]} {[%emt 00:00:04]} Ng3+ {[%clk 00:11:47]} {[%emt 00:01:47]}
38. Kh2 {[%clk 00:11:00]} {[%emt 00:00:30]} R6f7 {[%clk 00:10:48]} {[%emt
00:01:31]} 39. Bxf7 {[%clk 00:11:03]} {[%emt 00:00:27]} Rxf7 {[%clk 00:11:08]}
{[%emt 00:00:11]} 40. Ne5 {[%clk 00:11:28]} {[%emt 00:00:05]} Rf6 {[%clk
00:10:56]} {[%emt 00:00:43]} 41. Ng4 {[%clk 00:11:13]} {[%emt 00:00:44]} Rc6
{[%clk 00:10:51]} {[%emt 00:00:35]} 42. c4 {[%clk 00:11:25]} {[%emt 00:00:19]}
Rc5 {[%clk 00:10:28]} {[%emt 00:00:52]} 43. Re8+ {[%clk 00:11:40]} {[%emt
00:00:16]} Kh7 {[%clk 00:10:38]} {[%emt 00:00:19]} 44. Ne5 {[%clk 00:11:55]}
{[%emt 00:00:15]} h5 {[%clk 00:09:54]} {[%emt 00:01:13]} 45. Rdd8 {[%clk
00:12:09]} {[%emt 00:00:16]} Kh6 {[%clk 00:10:09]} {[%emt 00:00:16]} 46. h4
{[%clk 00:12:12]} {[%emt 00:00:26]} g5 {[%clk 00:10:09]} {[%emt 00:00:30]} 47.
Re6+ {[%clk 00:12:20]} {[%emt 00:00:22]} Kg7 {[%clk 00:10:18]} {[%emt
00:00:22]} 48. Rd7+ {[%clk 00:12:15]} {[%emt 00:00:34]} Kf8 {[%clk 00:10:36]}
{[%emt 00:00:13]} 49. Ng6+ {[%clk 00:12:33]} {[%emt 00:00:11]} Kg8 {[%clk
00:11:01]} {[%emt 00:00:07]} 50. Re8# {[%emt 00:00:01]} 1-0

[Event "Deutsche Ländermeisterschaft 2023"]
[Site "Hannover GER"]
[Date "2023.10.02"]
[Round "3"]
[White "Heuberger, Sandra"]
[Black "Färber, Anna"]
[Result "0-1"]
[Termination "normal"]
[Board "7.7"]
[WhiteElo "1271"]
[BlackElo "1309"]
[WhiteClock "00:01:36"]
[BlackClock "00:20:04"]
[WhiteTeam "Brandenburg"]
[BlackTeam "Saarland & Friends"]
[PlyCount "112"]
[WhiteFideId "16232151"]
[BlackFideId "34633480"]
[EventCountry "GER"]
[EventRounds "7"]
[EventType "team-swiss"]
[EventDate "2023.09.30"]

1. d4 {[%clk 01:30:59]} {[%emt 00:00:01]} Nf6 {[%clk 01:30:56]} {[%emt
00:00:04]} 2. c4 {[%clk 01:31:16]} {[%emt 00:00:13]} g6 {[%clk 01:31:23]}
{[%emt 00:00:02]} 3. Nc3 {[%clk 01:31:31]} {[%emt 00:00:14]} Bg7 {[%clk
01:31:49]} {[%emt 00:00:05]} 4. e4 {[%clk 01:31:43]} {[%emt 00:00:18]} d6
{[%clk 01:32:15]} {[%emt 00:00:04]} 5. Nf3 {[%clk 01:31:12]} {[%emt 00:01:00]}
O-O {[%clk 01:32:37]} {[%emt 00:00:08]} 6. Be2 {[%clk 01:30:53]} {[%emt
00:00:50]} e5 {[%clk 01:33:03]} {[%emt 00:00:04]} 7. dxe5 {[%clk 01:30:41]}
{[%emt 00:00:43]} dxe5 {[%clk 01:33:29]} {[%emt 00:00:03]} 8. Qxd8 {[%clk
01:30:13]} {[%emt 00:00:58]} Rxd8 {[%clk 01:33:59]} 9. Bg5 {[%clk 01:28:40]}
{[%emt 00:02:03]} Re8 {[%clk 01:34:24]} {[%emt 00:00:05]} 10. O-O {[%clk
01:27:19]} {[%emt 00:01:51]} Na6 {[%clk 01:30:16]} {[%emt 00:04:37]} 11. Rad1
{[%clk 01:23:49]} {[%emt 00:04:00]} h6 {[%clk 01:25:41]} {[%emt 00:05:06]} 12.
Bxf6 {[%clk 01:22:43]} {[%emt 00:01:36]} Bxf6 {[%clk 01:25:57]} {[%emt
00:00:14]} 13. Nd5 {[%clk 01:17:46]} {[%emt 00:05:26]} Bg7 {[%clk 01:26:05]}
{[%emt 00:00:23]} 14. a3 {[%clk 01:17:14]} {[%emt 00:01:01]} Be6 {[%clk
01:18:55]} {[%emt 00:07:39]} 15. b4 {[%clk 01:11:58]} {[%emt 00:05:47]} c6
{[%clk 01:16:01]} {[%emt 00:03:25]} 16. Nc3 {[%clk 01:10:21]} {[%emt 00:02:07]}
Nc7 {[%clk 01:13:58]} {[%emt 00:02:31]} 17. Rc1 {[%clk 01:05:57]} {[%emt
00:04:54]} f5 {[%clk 01:11:57]} {[%emt 00:02:31]} 18. Rfd1 {[%clk 01:04:22]}
{[%emt 00:02:04]} Rad8 {[%clk 01:10:06]} {[%emt 00:02:20]} 19. h3 {[%clk
01:01:04]} {[%emt 00:03:50]} Bf7 {[%clk 01:05:06]} {[%emt 00:05:30]} 20. Kf1
{[%clk 00:53:23]} {[%emt 00:08:11]} Ne6 {[%clk 01:03:04]} {[%emt 00:02:32]} 21.
b5 {[%clk 00:51:25]} {[%emt 00:02:29]} Nf4 {[%clk 00:59:08]} {[%emt 00:04:25]}
22. Ne1 {[%clk 00:45:51]} {[%emt 00:06:04]} Nxe2 {[%clk 00:58:45]} {[%emt
00:00:52]} 23. Nxe2 {[%clk 00:41:57]} {[%emt 00:04:25]} Rxd1 {[%clk 00:55:49]}
{[%emt 00:03:27]} 24. Rxd1 {[%clk 00:42:18]} {[%emt 00:00:09]} Bxc4 {[%clk
00:55:55]} {[%emt 00:00:23]} 25. bxc6 {[%clk 00:42:03]} {[%emt 00:00:45]} bxc6
{[%clk 00:55:34]} {[%emt 00:00:52]} 26. Rd6 {[%clk 00:40:04]} {[%emt 00:02:28]}
Bb5 {[%clk 00:51:39]} {[%emt 00:04:25]} 27. Rxg6 {[%clk 00:38:59]} {[%emt
00:01:36]} f4 {[%clk 00:45:53]} {[%emt 00:06:15]} 28. Nf3 {[%clk 00:33:40]}
{[%emt 00:05:47]} Rd8 {[%clk 00:45:03]} {[%emt 00:01:20]} 29. Ke1 {[%clk
00:32:20]} {[%emt 00:01:52]} Kf7 {[%clk 00:43:18]} {[%emt 00:02:13]} 30. Rg4
{[%clk 00:32:11]} {[%emt 00:00:38]} Rd3 {[%clk 00:37:00]} {[%emt 00:06:51]} 31.
Nc1 {[%clk 00:25:11]} {[%emt 00:07:30]} Rxa3 {[%clk 00:35:55]} {[%emt
00:01:35]} 32. Nd2 {[%clk 00:23:47]} {[%emt 00:01:53]} Bf8 {[%clk 00:34:14]}
{[%emt 00:02:10]} 33. Rh4 {[%clk 00:19:08]} {[%emt 00:05:11]} c5 {[%clk
00:32:18]} {[%emt 00:02:25]} 34. Nf3 {[%clk 00:19:03]} {[%emt 00:00:36]} Bg7
{[%clk 00:29:33]} {[%emt 00:03:15]} 35. Rh5 {[%clk 00:18:17]} {[%emt 00:01:12]}
Ke6 {[%clk 00:29:04]} {[%emt 00:01:01]} 36. Kd2 {[%clk 00:16:00]} {[%emt
00:02:49]} Ra4 {[%clk 00:26:54]} {[%emt 00:02:38]} 37. Nd3 {[%clk 00:15:13]}
{[%emt 00:01:19]} Ra2+ {[%clk 00:27:01]} {[%emt 00:00:18]} 38. Kc3 {[%clk
00:11:41]} {[%emt 00:04:07]} Ra3+ {[%clk 00:27:21]} {[%emt 00:00:09]} 39. Kc2
{[%clk 00:12:02]} {[%emt 00:00:10]} Rxd3 {[%clk 00:27:33]} {[%emt 00:00:18]}
40. Kb2 {[%clk 00:11:12]} {[%emt 00:01:20]} c4 {[%clk 00:27:09]} {[%emt
00:00:54]} 41. Rf5 {[%clk 00:10:44]} {[%emt 00:00:57]} Bc6 {[%clk 00:26:17]}
{[%emt 00:01:21]} 42. Rh5 {[%clk 00:08:38]} {[%emt 00:02:38]} Rb3+ {[%clk
00:25:12]} {[%emt 00:01:34]} 43. Ka2 {[%clk 00:08:29]} {[%emt 00:00:40]} Rb5
{[%clk 00:25:32]} {[%emt 00:00:09]} 44. Ka3 {[%clk 00:07:34]} {[%emt 00:01:25]}
Bxe4 {[%clk 00:25:50]} {[%emt 00:00:13]} 45. Nd4+ {[%clk 00:07:28]} {[%emt
00:00:33]} exd4 {[%clk 00:25:46]} {[%emt 00:00:37]} 46. Rxb5 {[%clk 00:07:45]}
{[%emt 00:00:13]} c3 {[%clk 00:25:25]} {[%emt 00:00:51]} 47. Rb8 {[%clk
00:06:04]} {[%emt 00:02:08]} Be5 {[%clk 00:21:51]} {[%emt 00:04:04]} 48. Re8+
{[%clk 00:05:14]} {[%emt 00:01:22]} Kd5 {[%clk 00:22:01]} {[%emt 00:00:20]} 49.
Kb3 {[%clk 00:04:05]} {[%emt 00:01:37]} c2 {[%clk 00:20:01]} {[%emt 00:02:31]}
50. Kb2 {[%clk 00:03:55]} {[%emt 00:00:39]} Bd6 {[%clk 00:19:08]} {[%emt
00:01:24]} 51. f3 {[%clk 00:03:36]} {[%emt 00:00:49]} Ba3+ {[%clk 00:19:14]}
{[%emt 00:00:24]} 52. Kb3 {[%clk 00:00:52]} {[%emt 00:03:14]} c1=Q {[%clk
00:19:13]} {[%emt 00:00:31]} 53. fxe4+ {[%clk 00:01:13]} {[%emt 00:00:09]} Kd6
{[%clk 00:19:30]} {[%emt 00:00:12]} 54. e5+ {[%clk 00:01:32]} {[%emt 00:00:13]}
Kd7 {[%clk 00:19:44]} {[%emt 00:00:13]} 55. Rh8 {[%clk 00:01:28]} {[%emt
00:00:34]} Qc3+ {[%clk 00:20:04]} {[%emt 00:00:12]} 56. Ka4 {[%clk 00:01:36]}
{[%emt 00:00:22]} Qb4# {[%emt 00:00:03]} 0-1

[Event "Deutsche Ländermeisterschaft 2023"]
[Site "Hannover GER"]
[Date "2023.10.02"]
[Round "3"]
[White "Frydel, Helena"]
[Black "Börner, Emma Charlotte"]
[Result "1-0"]
[Termination "normal"]
[Board "7.8"]
[WhiteElo "1159"]
[BlackElo "1107"]
[WhiteClock "00:31:32"]
[BlackClock "00:44:00"]
[WhiteTeam "Saarland & Friends"]
[BlackTeam "Brandenburg"]
[PlyCount "91"]
[WhiteFideId "16266536"]
[BlackFideId "34637907"]
[EventCountry "GER"]
[EventRounds "7"]
[EventType "team-swiss"]
[EventDate "2023.09.30"]

1. d4 {[%clk 01:30:52]} {[%emt 00:00:08]} d5 {[%clk 01:30:52]} {[%emt
00:00:08]} 2. c4 {[%clk 01:31:08]} {[%emt 00:00:15]} c6 {[%clk 01:30:50]}
{[%emt 00:00:32]} 3. Nc3 {[%clk 01:30:36]} {[%emt 00:01:02]} e6 {[%clk
01:30:46]} {[%emt 00:00:33]} 4. Nf3 {[%clk 01:29:09]} {[%emt 00:01:59]} f5
{[%clk 01:30:03]} {[%emt 00:01:11]} 5. Bf4 {[%clk 01:24:21]} {[%emt 00:05:18]}
Nd7 {[%clk 01:28:36]} {[%emt 00:01:57]} 6. Ne5 {[%clk 01:22:24]} {[%emt
00:02:29]} Bd6 {[%clk 01:26:23]} {[%emt 00:02:41]} 7. Nxc6 {[%clk 01:17:44]}
{[%emt 00:05:11]} bxc6 {[%clk 01:25:52]} {[%emt 00:01:00]} 8. Bxd6 {[%clk
01:18:04]} {[%emt 00:00:12]} Nb6 {[%clk 01:25:16]} {[%emt 00:01:04]} 9. Be5
{[%clk 01:18:08]} {[%emt 00:00:28]} Nf6 {[%clk 01:24:18]} {[%emt 00:01:26]} 10.
cxd5 {[%clk 01:08:42]} {[%emt 00:09:58]} exd5 {[%clk 01:23:11]} {[%emt
00:01:35]} 11. e3 {[%clk 01:07:50]} {[%emt 00:01:24]} O-O {[%clk 01:21:52]}
{[%emt 00:01:46]} 12. Bd3 {[%clk 01:05:47]} {[%emt 00:02:36]} Ng4 {[%clk
01:17:31]} {[%emt 00:04:49]} 13. Bg3 {[%clk 00:58:01]} {[%emt 00:08:18]} Qe7
{[%clk 01:13:16]} {[%emt 00:04:42]} 14. O-O {[%clk 00:56:44]} {[%emt 00:01:50]}
Bd7 {[%clk 01:06:53]} {[%emt 00:06:53]} 15. h3 {[%clk 00:53:40]} {[%emt
00:03:35]} Nxe3 {[%clk 01:05:55]} {[%emt 00:01:25]} 16. fxe3 {[%clk 00:52:58]}
{[%emt 00:01:14]} Qxe3+ {[%clk 01:05:56]} {[%emt 00:00:27]} 17. Bf2 {[%clk
00:50:28]} {[%emt 00:03:03]} Qg5 {[%clk 01:04:12]} {[%emt 00:02:13]} 18. Qf3
{[%clk 00:47:01]} {[%emt 00:03:59]} f4 {[%clk 01:03:03]} {[%emt 00:01:37]} 19.
Rae1 {[%clk 00:39:17]} {[%emt 00:08:15]} Bf5 {[%clk 00:55:10]} {[%emt
00:08:24]} 20. Bxf5 {[%clk 00:36:54]} {[%emt 00:02:54]} Rxf5 {[%clk 00:54:59]}
{[%emt 00:00:40]} 21. Qg4 {[%clk 00:36:03]} {[%emt 00:01:21]} Nc4 {[%clk
00:53:35]} {[%emt 00:01:53]} 22. Qxg5 {[%clk 00:35:03]} {[%emt 00:01:31]} Rxg5
{[%clk 00:53:37]} {[%emt 00:00:27]} 23. Bh4 {[%clk 00:34:40]} {[%emt 00:00:54]}
Rf5 {[%clk 00:53:14]} {[%emt 00:00:53]} 24. Re2 {[%clk 00:34:19]} {[%emt
00:00:50]} Ne3 {[%clk 00:50:55]} {[%emt 00:02:50]} 25. Rxe3 {[%clk 00:33:30]}
{[%emt 00:01:20]} fxe3 {[%emt 00:00:48]} 26. Rxf5 {[%clk 00:33:29]} {[%emt
00:00:29]} Re8 {[%clk 00:50:26]} {[%emt 00:00:42]} 27. Kf1 {[%clk 00:31:40]}
{[%emt 00:02:19]} g6 {[%clk 00:50:15]} {[%emt 00:00:38]} 28. Re5 {[%clk
00:29:30]} {[%emt 00:02:43]} Rxe5 {[%clk 00:49:02]} {[%emt 00:01:43]} 29. dxe5
{[%clk 00:29:53]} {[%emt 00:00:08]} d4 {[%clk 00:48:58]} {[%emt 00:00:34]} 30.
Ne4 {[%clk 00:29:57]} {[%emt 00:00:27]} Kf7 {[%clk 00:48:19]} {[%emt 00:01:08]}
31. Nc5 {[%clk 00:29:41]} {[%emt 00:00:47]} h6 {[%clk 00:47:23]} {[%emt
00:01:25]} 32. e6+ {[%clk 00:29:36]} {[%emt 00:00:36]} Ke8 {[%clk 00:47:27]}
{[%emt 00:00:24]} 33. Bf6 {[%clk 00:28:51]} {[%emt 00:01:17]} d3 {[%clk
00:45:56]} {[%emt 00:02:01]} 34. Nxd3 {[%clk 00:29:01]} {[%emt 00:00:20]} e2+
{[%clk 00:45:32]} {[%emt 00:00:53]} 35. Kxe2 {[%clk 00:29:23]} {[%emt
00:00:08]} c5 {[%clk 00:45:51]} {[%emt 00:00:11]} 36. Nxc5 {[%clk 00:29:37]}
{[%emt 00:00:17]} g5 {[%clk 00:45:34]} {[%emt 00:00:46]} 37. e7 {[%clk
00:29:58]} {[%emt 00:00:09]} g4 {[%clk 00:45:16]} {[%emt 00:00:47]} 38. Ne6
{[%clk 00:30:14]} {[%emt 00:00:15]} gxh3 {[%clk 00:44:35]} {[%emt 00:01:10]}
39. gxh3 {[%clk 00:30:39]} {[%emt 00:00:06]} Kf7 {[%clk 00:44:34]} {[%emt
00:00:28]} 40. Nc7 {[%clk 00:30:32]} {[%emt 00:00:41]} Kxf6 {[%clk 00:44:42]}
{[%emt 00:00:21]} 41. e8=Q {[%clk 00:30:57]} {[%emt 00:00:06]} Kg5 {[%clk
00:44:40]} {[%emt 00:00:30]} 42. Qe4 {[%clk 00:30:56]} {[%emt 00:00:32]} h5
{[%clk 00:44:18]} {[%emt 00:00:50]} 43. Ne8 {[%clk 00:30:27]} {[%emt 00:01:00]}
h4 {[%clk 00:44:10]} {[%emt 00:00:37]} 44. Qg4+ {[%clk 00:30:43]} {[%emt
00:00:12]} Kh6 {[%clk 00:44:05]} {[%emt 00:00:34]} 45. Qg7+ {[%clk 00:31:07]}
{[%emt 00:00:09]} Kh5 {[%clk 00:44:00]} {[%emt 00:00:35]} 46. Nf6# {[%clk
00:31:32]} {[%emt 00:00:05]} 1-0

[Event "Deutsche Ländermeisterschaft 2023"]
[Site "Hannover GER"]
[Date "2023.10.03"]
[Round "4"]
[White "Besou, Hussain"]
[Black "Petrovskiy, Vadim"]
[Result "0-1"]
[Termination "normal"]
[Board "1.1"]
[WhiteTitle "FM"]
[BlackTitle "IM"]
[WhiteElo "2353"]
[BlackElo "2413"]
[WhiteClock "00:07:38"]
[BlackClock "00:15:53"]
[WhiteTeam "Nordrhein-Westfalen"]
[BlackTeam "Hessen"]
[PlyCount "80"]
[WhiteFideId "16269950"]
[BlackFideId "14165210"]
[EventCountry "GER"]
[EventRounds "7"]
[EventType "team-swiss"]
[EventDate "2023.09.30"]

1. d4 {[%clk 01:30:57]} {[%emt 00:00:02]} Nf6 {[%clk 01:30:44]} {[%emt
00:00:16]} 2. c4 {[%clk 01:31:22]} {[%emt 00:00:05]} g6 {[%clk 01:30:44]}
{[%emt 00:00:30]} 3. Nc3 {[%clk 01:31:14]} {[%emt 00:00:38]} Bg7 {[%clk
01:30:59]} {[%emt 00:00:16]} 4. e4 {[%clk 01:31:37]} {[%emt 00:00:06]} d6
{[%clk 01:31:20]} {[%emt 00:00:09]} 5. h3 {[%clk 01:31:04]} {[%emt 00:01:03]}
O-O {[%clk 01:31:26]} {[%emt 00:00:24]} 6. Be3 {[%clk 01:31:12]} {[%emt
00:00:22]} Nbd7 {[%clk 01:31:34]} {[%emt 00:00:22]} 7. Nf3 {[%clk 01:30:11]}
{[%emt 00:01:30]} e5 {[%clk 01:31:47]} {[%emt 00:00:17]} 8. d5 {[%clk
01:30:25]} {[%emt 00:00:16]} Nc5 {[%clk 01:32:13]} {[%emt 00:00:05]} 9. Nd2
{[%clk 01:30:47]} {[%emt 00:00:07]} Ne8 {[%clk 01:32:40]} {[%emt 00:00:04]} 10.
g4 {[%clk 01:14:20]} {[%emt 00:16:58]} f5 {[%clk 01:30:58]} {[%emt 00:02:12]}
11. gxf5 {[%clk 01:09:13]} {[%emt 00:05:37]} gxf5 {[%clk 01:26:26]} {[%emt
00:05:02]} 12. Qe2 {[%clk 01:05:41]} {[%emt 00:04:02]} Nxe4 {[%clk 01:21:33]}
{[%emt 00:05:24]} 13. Ndxe4 {[%clk 01:05:50]} {[%emt 00:00:20]} fxe4 {[%clk
01:22:01]} {[%emt 00:00:02]} 14. Bg2 {[%clk 01:04:51]} {[%emt 00:01:28]} Qh4
{[%clk 01:14:12]} {[%emt 00:08:19]} 15. Qd2 {[%clk 00:56:09]} {[%emt 00:09:11]}
Bf5 {[%clk 01:12:27]} {[%emt 00:02:15]} 16. O-O-O {[%clk 00:55:42]} {[%emt
00:00:56]} Nf6 {[%clk 01:12:07]} {[%emt 00:00:51]} 17. Bf1 {[%clk 00:49:55]}
{[%emt 00:06:17]} h6 {[%clk 00:44:39]} {[%emt 00:27:59]} 18. Be2 {[%clk
00:44:51]} {[%emt 00:05:32]} Kh7 {[%clk 00:44:15]} {[%emt 00:00:55]} 19. Bg4
{[%clk 00:38:04]} {[%emt 00:07:17]} Bg6 {[%clk 00:31:16]} {[%emt 00:13:29]} 20.
Rdg1 {[%clk 00:35:31]} {[%emt 00:03:02]} Nh5 {[%clk 00:26:08]} {[%emt
00:05:38]} 21. Be6 {[%clk 00:33:45]} {[%emt 00:02:15]} Nf4 {[%clk 00:20:22]}
{[%emt 00:06:17]} 22. Rg4 {[%clk 00:31:41]} {[%emt 00:02:33]} Nd3+ {[%clk
00:20:47]} {[%emt 00:00:06]} 23. Kb1 {[%clk 00:29:11]} {[%emt 00:03:00]} Rxf2
{[%clk 00:21:08]} {[%emt 00:00:09]} 24. Ne2 {[%clk 00:24:12]} {[%emt 00:05:28]}
Qf6 {[%clk 00:21:03]} {[%emt 00:00:35]} 25. Rhg1 {[%clk 00:11:27]} {[%emt
00:13:15]} Rf1+ {[%clk 00:21:18]} {[%emt 00:00:15]} 26. Kc2 {[%clk 00:11:51]}
{[%emt 00:00:05]} Rxg1 {[%emt 00:00:43]} 27. Rxg1 {[%clk 00:12:11]} {[%emt
00:00:09]} b6 {[%clk 00:19:43]} {[%emt 00:01:54]} 28. Nc3 {[%clk 00:10:14]}
{[%emt 00:02:26]} Nf4 {[%clk 00:19:14]} {[%emt 00:01:00]} 29. Bg4 {[%clk
00:09:11]} {[%emt 00:01:33]} a6 {[%clk 00:19:25]} {[%emt 00:00:19]} 30. a4
{[%clk 00:09:11]} {[%emt 00:00:30]} h5 {[%clk 00:19:07]} {[%emt 00:00:49]} 31.
Bd1 {[%clk 00:08:17]} {[%emt 00:01:23]} Bh6 {[%clk 00:19:08]} {[%emt 00:00:30]}
32. Kb3 {[%clk 00:08:23]} {[%emt 00:00:23]} Nxh3 {[%clk 00:16:46]} {[%emt
00:02:52]} 33. Rh1 {[%clk 00:07:27]} {[%emt 00:01:25]} Bxe3 {[%clk 00:16:44]}
{[%emt 00:00:32]} 34. Qxe3 {[%clk 00:07:51]} {[%emt 00:00:05]} Nf2 {[%clk
00:16:57]} {[%emt 00:00:18]} 35. Rf1 {[%clk 00:07:08]} {[%emt 00:01:13]} Nxd1
{[%clk 00:17:14]} {[%emt 00:00:14]} 36. Rxd1 {[%clk 00:07:32]} {[%emt
00:00:05]} Qf4 {[%clk 00:17:22]} {[%emt 00:00:22]} 37. Qh3 {[%clk 00:07:53]}
{[%emt 00:00:10]} Rf8 {[%clk 00:17:44]} {[%emt 00:00:08]} 38. Rg1 {[%clk
00:07:59]} {[%emt 00:00:24]} e3 {[%clk 00:17:12]} {[%emt 00:01:02]} 39. Re1
{[%clk 00:07:32]} {[%emt 00:00:56]} Qf3 {[%clk 00:15:33]} {[%emt 00:02:09]} 40.
Qh4 {[%clk 00:07:38]} {[%emt 00:00:24]} Qf2 {[%clk 00:15:53]} {[%emt 00:00:11]}
0-1